La metamorfosis : Carta al padre (Registro nro. 691)
[ vista simple ]
| 000 -CABECERA | |
|---|---|
| fixed length control field | 00820nam a2200301Ia 4500 |
| 003 - CONTROL NUMBER IDENTIFIER | |
| control field | AR-BeUNQ |
| 005 - FECHA Y HORA DE LA ULTIMA TRANSACCION | |
| control field | 20240429143746.0 |
| 008 - ELEMENTOS DE LONGITUD FIJA-INFORMACION GENERAL | |
| fixed length control field | 221202s9999 xx 000 0 und d |
| 020 ## - NUMERO INTERNACIONAL NORMALIZADO PARA LIBROS | |
| Número Internacional Normalizado del libro | 9789871784059 |
| 040 ## - FUENTE DE CATALOGACION | |
| Agencia de catalogación original | AR-BeUNQ |
| Idioma de catalogación | ESPAÑOL |
| Convenciones de la descripción | aacr |
| Agencia que realiza la transcripción | AR-BeUNQ |
| 082 ## - NUMERO DE CLASIFICACION DECIMAL DEWEYMBER | |
| Número de la edición | 21 |
| Número de clasificación | 839 |
| 100 ## - ASIENTO PRINCIPAL-NOMBRE PERSONAL | |
| Nombre personal | Kafka, Franz |
| 245 #0 - MENCION DE TITULO | |
| Título | La metamorfosis : Carta al padre |
| 250 ## - MENCION DE EDICION | |
| Mención de edición | 1a ed. |
| 260 ## - PUBLICACION, DISTRIBUCION, ETC. | |
| Lugar de publicación, distribución, etc. | Buenos Aires |
| Nombre del editor, distribuidor, etc. | Salim, |
| Fecha de publicación, distribución, etc | 2010 |
| 300 ## - DESCRIPCION FISICA | |
| Extensión | 160 p. : |
| Otros detalles físicos | il. ; |
| Dimensiones | 18 x 13 cm |
| 490 ## - MENCION DE SERIE | |
| Mención de serie | Grandes Lecturas/Pablo Canalicchio , 7 |
| 521 ## - NOTA DE AUDIENCIA | |
| Nota de audiencia | Todo publico |
| 546 ## - NOTA DE IDIOMA | |
| Nota de idioma | Español |
| 650 ## - ASIENTO SECUNDARIO DE MATERIA - TERMINO TEMATICO | |
| Fuente del encabezamiento o términ | spines |
| Término temático o nombre geográfico como elemento de entrada | Literatura a |
| 651 ## - ASIENTO SECUNDARIO DE MATERIA - NOMBRE GEOGRAFICO | |
| Fuente del encabezamiento o término | unescot |
| Nombre geográfico | Argentina |
| 653 ## - TERMINO DE INDIZACION - NO CONTROLADO | |
| Término de indización no controlado | Cuentos |
| 653 ## - TERMINO DE INDIZACION - NO CONTROLADO | |
| Término de indización no controlado | Literatura |
| 653 ## - TERMINO DE INDIZACION - NO CONTROLADO | |
| Término de indización no controlado | Narrativa checa |
| 700 ## - ASIENTO SECUNDARIO - NOMBRE DE PERSONA | |
| Personal name | Canalicchio, Pablo |
| 929 ## - DATOS DE ADQUISICION | |
| Proveedor | UNQ |
| Fecha de recibido | 2022 |
| Procedencia | DONACION |
| Patrimonio UNQ | PAT0091625 |
| Número de inventario | 60221 |
| 942 ## - ELEMENTOS DE PUNTO DE ACCESO ADICIONAL (KOHA) | |
| Tipo de ítem Koha | Libros |
| Suppress in OPAC | 0 |
| Estado de retiro | Estado de pérdida | Fecha de ingreso | Total Checkouts | Signatura topográfica completa | Inventario | Date last seen | Tipo de ítem Koha |
|---|---|---|---|---|---|---|---|
| 02/12/2022 | 839 KAF | 60221 | 02/12/2022 | Libros |